000 00372nam a2200157Ia 4500
008 200305s9999 xx 000 0 und d
020 _a978-93-80134-46-8
082 _a780.954
082 _bSHB
100 _aSHARMA SAVTANTAR
245 _aBHARTIYA SANGEET EK ETIHASIK VISHLESHAN
260 _aNEW DELHI
_bANUBHAV
300 _a421
650 _aMUSIC
999 _c37385
_d37385
041 _ahin